000 00430 a2200109 4500
001 ART_3273
005 20260410161713.0
008 260409a
245 1 0 _aUna contribución al estudio de la movilidad social en la Argentina. Análisis de los resultados de una encuesta para el Gran Buenos Aires
100 1 _aBeccaria, Luis A.
773 0 _tDesarrollo económico
_g- Vol. 17, Nº 68 (ene./mar. 1978)
_wREV1174
999 _c16277
_d16277